Stolice państw i terenów autonomicznych/zależnych Ameryki Południowej - Statystyki

Ogólne statystyki
  • Ten quiz został rozwiązany 14 razy
  • Średni wynik to 9 z 16
Statystyki odpowiedzi
Obrazkowy Hint Odpowiedź % Poprawnych
Brasília
100%
Buenos Aires
88%
Asunción
75%
Bogota
75%
Lima
75%
Montevideo
75%
Caracas
63%
Quito
63%
Santiago
63%
Może być jedna z dwóch ;p Sucre/La Paz
63%
Port-of-Spain
50%
Georgetown
38%
Paramaribo
38%
Stanley
38%
Kajenna
25%
King Edward Point
13%
Nie znaleziono quizów pasujących do podanych kryteriów
Rozkład punktacji
Procent ludzi z każdym wynikiem
Percentyl według liczby udzielonych odpowiedzi
Twoja historia wyników
Nie rozwiązałeś tego quizu